India and Pakistan (Record no. 14509)
[ view plain ]
| 000 -LEADER | |
|---|---|
| fixed length control field | 00602nam a2200229 a 4500 |
| 020 ## - INTERNATIONAL STANDARD BOOK NUMBER | |
| ISBN | |
| 082 00 - DEWEY DECIMAL CLASSIFICATION NUMBER | |
| Classification number | 320.0954 |
| Author Cutter | HAR |
| 100 ## - MAIN ENTRY--AUTHOR NAME | |
| Author name | Harrison, Seling S |
| 245 ## - TITLE STATEMENT | |
| Title | India and Pakistan |
| Sub title | The First Fifty Years |
| 260 ## - PUBLICATION, DISTRIBUTION, ETC. (IMPRINT) | |
| Place of publication | Cambridge |
| Name of publisher | Cambridge University Press |
| Year of publication | 1999 |
| 300 ## - PHYSICAL DESCRIPTION | |
| Number of Pages | 216p |
| 500 ## - GENERAL NOTE | |
| General note | includes index and biblioraphy |
| 650 ## - SUBJECT ADDED ENTRY--TOPICAL TERM | |
| Topical Term | India-Politics and Government |
| 942 ## - ADDED ENTRY ELEMENTS (KOHA) | |
| Koha item type | Books |
| 700 1# - | |
| -- | Harrison, Seling S |
| Collection code | Home library | Current library | Date acquired | Cost, normal purchase price | Full call number | Accession Number | Koha item type |
|---|---|---|---|---|---|---|---|
| Henry Martyn Institute Library | Henry Martyn Institute Library | 08/28/2007 | 200.00 | 320.0954 HAR | 021562 | Books |
